[Event "Kimberley Extravaganza op"]
[Site "Kimberley"]
[Date "2024.09.25"]
[Round "2"]
[White "De Villiers, Ockert Almaro"]
[Black "Handiya, Joseph"]
[Result "1-0"]
[WhiteElo "1713"]
[BlackElo "2107"]
[PlyCount "109"]
[EventDate "2024.09.25"]
[EventType "swiss"]
[EventRounds "9"]
[EventCountry "RSA"]
[SourceTitle "CB40_2024"]
[SourceDate "2024.10.02"]
[SourceVersion "1"]
[SourceVersionDate "2024.10.02"]
[SourceQuality "1"]

1. d4 d5 2. c4 dxc4 3. Nc3 Nf6 4. e3 e6 5. Bxc4 a6 6. Nf3 c5 7. 0-0 Nc6 8. Bb3 cxd4 9. exd4 Be7 10. Re1 0-0 11. Bg5 Nb4 12. Qe2 b6 13. a3 Nbd5 14. Nxd5 Nxd5 15. Bxd5 Qxd5 16. Bxe7 Re8 17. Bh4 Bb7 18. Qe5 Qb3 19. Re3 Qxb2 20. Rae1 Rac8 21. Qh5 f6 22. Rxe6 Rxe6 23. Rxe6 Qc1+ 24. Ne1 g6 25. Qe2 Qxa3 26. Re8+ Rxe8 27. Qxe8+ Qf8 28. Qxf8+ Kxf8 29. Bxf6 Ke8 30. Kf1 Kd7 31. Ke2 b5 32. Kd3 a5 33. f3 Bd5 34. Nc2 Bb3 35. Kc3 Bg8 36. Ne3 b4+ 37. Kb2 Kc6 38. d5+ Kb5 39. Bd4 Bf7 40. g4 Ka6 41. f4 Kb5 42. f5 h5 43. h3 hxg4 44. hxg4 gxf5 45. gxf5 a4 46. f6 Bg8 47. Be5 Kc5 48. d6 a3+ 49. Ka1 Kc6 50. Nc2 b3 51. Nxa3 Be6 52. Kb2 Kd5 53. Nb5 Kxe5 54. f7 Bxf7 55. d7 1-0